000 00867cab a22002415a 4500
001 L147116
008 090402e20090302xxkad f s 000 0 eng d
035 _a(Sirsi) u147116
041 0 _aeng
110 2 _aEuroProperty
_91216
245 0 0 _aTurkey and Greece
260 _c2009
490 0 _aEuroProperty
_v2 March 2009, 25-29(5)
520 _aReports that Turkey's retail property boom has been hit by oversupply and market downturn. Examines how planning bureaucracy has inhibited development in the Greek retail market. Comments also on the Greek office market and the commercial real estate market in neighbouring Serbia and Croatia. Tables.
590 _aKA
651 4 _aTurkey
651 4 _aGreece
651 4 _aSerbia
651 4 _aCroatia
651 4 _aEurope
690 _aPROPERTY-COMMERCIAL PROPERTY-COMMERCIAL PROPERTY MARKET
942 _n0
999 _c81390
_d81390